[Event "SRB-ch sf"]
[Site "Paracin"]
[Date "2024.02.06"]
[Round "3"]
[White "Radovanovic, Nikola"]
[Black "Pap, Misa"]
[Result "1-0"]
[WhiteElo "2429"]
[BlackElo "2412"]
[PlyCount "65"]
[EventDate "2024.02.05"]
[EventType "swiss"]
[EventRounds "9"]
[EventCountry "SRB"]
[SourceTitle "CB07_2024"]
[SourceDate "2024.02.14"]
[SourceVersion "1"]
[SourceVersionDate "2024.02.14"]
[SourceQuality "1"]

1. e4 c5 2. Nf3 Nc6 3. d4 cxd4 4. Nxd4 g6 5. c4 Bg7 6. Be3 Nf6 7. Nc3 d6 8. Be2 0-0 9. f3 Nxd4 10. Bxd4 Nd7 11. Bxg7 Kxg7 12. Qd2 a5 13. 0-0-0 a4 14. a3 Nc5 15. Kb1 Be6 16. h4 Qa5 17. Qe3 Nb3 18. Nb5 f6 19. f4 Rac8 20. h5 g5 21. fxg5 Rc5 22. h6+ Kh8 23. gxf6 Rxf6 24. Rhf1 Rxf1 25. Bxf1 Qa8 26. Nc7 Qg8 27. Nd5 Bxd5 28. exd5 Qf7 29. Bd3 Rc8 30. Rf1 Qh5 31. g4 Qxg4 32. Qxe7 Nd2+ 33. Ka2 1-0

[Event "SRB-ch sf"]
[Site "Paracin"]
[Date "2024.02.05"]
[Round "1"]
[White "Radovanovic, Nikola"]
[Black "Krstic, Andrija Marko"]
[Result "1-0"]
[WhiteElo "2429"]
[BlackElo "2143"]
[PlyCount "81"]
[EventDate "2024.02.05"]
[EventType "swiss"]
[EventRounds "9"]
[EventCountry "SRB"]
[SourceTitle "CB07_2024"]
[SourceDate "2024.02.14"]
[SourceVersion "1"]
[SourceVersionDate "2024.02.14"]
[SourceQuality "1"]

1. e4 c5 2. Nf3 d6 3. d4 cxd4 4. Qxd4 Nf6 5. Be2 Nc6 6. Qe3 g6 7. 0-0 Bg7 8. h3 0-0 9. Rd1 Nd7 10. Nc3 b6 11. a3 Bb7 12. Qg5 Nce5 13. Nd4 Rc8 14. Qh4 Re8 15. Bg5 Bf6 16. Bxf6 Nxf6 17. f4 Nc4 18. e5 Ne4 19. Nxe4 Bxe4 20. f5 d5 21. e6 f6 22. fxg6 Bxg6 23. Bd3 Ne5 24. Bxg6 Nxg6 25. Qh5 Qd6 26. c3 Kh8 27. Rd2 Rg8 28. Rf1 Rcd8 29. Kh1 Nf8 30. Re2 Rg5 31. Qh6 Rg6 32. Qh4 Re8 33. Rf5 Qc5 34. Rh5 Qc4 35. Rf2 b5 36. Rf4 Qa2 37. Kh2 Qxb2 38. Rg4 Qb1 39. Nf5 Rxg4 40. Qxg4 Nxe6 41. Qg6 1-0

[Event "EU-ch Blitz"]
[Site "Zagreb"]
[Date "2023.12.16"]
[Round "4"]
[White "Puntigam, Silvester"]
[Black "Radovanovic, Nikola"]
[Result "0-1"]
[WhiteElo "1992"]
[BlackElo "2446"]
[PlyCount "85"]
[EventDate "2023.12.16"]
[EventType "swiss (blitz)"]
[EventRounds "13"]
[EventCountry "CRO"]
[SourceTitle "CB51_2023"]
[SourceDate "2023.12.20"]
[SourceVersion "1"]
[SourceVersionDate "2023.12.20"]
[SourceQuality "1"]

1. Nf3 Nf6 2. d4 g6 3. g3 Bg7 4. Bg2 0-0 5. 0-0 d6 6. b3 e5 7. e3 e4 8. Nfd2 d5 9. c4 c6 10. Ba3 Re8 11. h3 h5 12. Nc3 Nbd7 13. cxd5 cxd5 14. Rc1 a6 15. Na4 Nf8 16. Qc2 Ne6 17. Nc5 Ng5 18. Kh2 b6 19. Na4 b5 20. Nc5 Ra7 21. Qd1 Bf5 22. h4 Ngh7 23. Bb2 g5 24. hxg5 Nxg5 25. Rh1 Bg4 26. Qf1 Qd6 27. Kg1 Kh7 28. Rh4 Kg6 29. a3 Rh8 30. b4 Raa8 31. Bc3 Bh6 32. Rc2 Nf3+ 33. Nxf3 exf3 34. Bh3 Bg5 35. Bxg4 hxg4 36. Rh2 Rxh2 37. Kxh2 Rh8+ 38. Kg1 Qf8 39. Qd3+ Kg7 40. e4 Rh5 41. e5 Qh8 42. exf6+ Bxf6 43. Qd1 0-1

[Event "EU-ch Blitz"]
[Site "Zagreb"]
[Date "2023.12.16"]
[Round "10"]
[White "Yuffa, Daniil"]
[Black "Radovanovic, Nikola"]
[Result "0-1"]
[WhiteElo "2590"]
[BlackElo "2446"]
[PlyCount "62"]
[EventDate "2023.12.16"]
[EventType "swiss (blitz)"]
[EventRounds "13"]
[EventCountry "CRO"]
[SourceTitle "CB51_2023"]
[SourceDate "2023.12.20"]
[SourceVersion "1"]
[SourceVersionDate "2023.12.20"]
[SourceQuality "1"]

1. d4 Nf6 2. c4 g6 3. Nc3 Bg7 4. e4 d6 5. Nf3 0-0 6. Be2 e5 7. 0-0 c6 8. Re1 exd4 9. Nxd4 Re8 10. Bf1 Ng4 11. h3 Qb6 12. hxg4 Qxd4 13. g5 Na6 14. Be3 Qxd1 15. Raxd1 Be5 16. f3 Nc5 17. Kf2 a5 18. Rd2 a4 19. Ne2 a3 20. Bxc5 dxc5 21. b3 Be6 22. g3 b5 23. Nf4 Bc3 24. Rd6 Bxe1+ 25. Kxe1 bxc4 26. Nxe6 cxb3 27. Nxc5 bxa2 28. Rd1 Red8 29. Nd3 Rab8 30. Kd2 Rb1 31. Kc2 Rxd1 0-1

[Event "BIH-chT 21st"]
[Site "Sarajevo"]
[Date "2023.11.04"]
[Round "5.1"]
[White "Radovanovic, Nikola"]
[Black "Stevic, Hrvoje"]
[Result "1/2-1/2"]
[WhiteElo "2425"]
[BlackElo "2549"]
[PlyCount "30"]
[EventDate "2023.10.31"]
[EventType "team-tourn"]
[EventRounds "9"]
[EventCountry "BIH"]
[SourceTitle "Mega2024 Update 01"]
[Source "Chessbase"]
[SourceDate "2023.11.12"]
[SourceVersion "1"]
[SourceVersionDate "2023.11.12"]
[SourceQuality "1"]
[WhiteTeam "Zenica Napredak"]
[BlackTeam "Sarajevo Napredak"]
[WhiteTeamCountry "BIH"]
[BlackTeamCountry "BIH"]

1. d4 d5 2. c4 dxc4 3. Nf3 Nf6 4. e3 e6 5. Bxc4 c5 6. 0-0 a6 7. dxc5 Qxd1 8. Rxd1 Bxc5 9. Be2 b6 10. b3 Bb7 11. Bb2 Nbd7 12. Nbd2 0-0 13. Ne1 Rfd8 14. Bf3 Bxf3 15. Nexf3 Rac8 1/2-1/2

[Event "BIH-chT 21st"]
[Site "Sarajevo"]
[Date "2023.11.01"]
[Round "2.1"]
[White "Kilic, Eray"]
[Black "Radovanovic, Nikola"]
[Result "0-1"]
[WhiteElo "2446"]
[BlackElo "2425"]
[PlyCount "68"]
[EventDate "2023.10.31"]
[EventType "team-tourn"]
[EventRounds "9"]
[EventCountry "BIH"]
[SourceTitle "Mega2024 Update 01"]
[Source "Chessbase"]
[SourceDate "2023.11.12"]
[SourceVersion "1"]
[SourceVersionDate "2023.11.12"]
[SourceQuality "1"]
[WhiteTeam "Busovaca Hrasno"]
[BlackTeam "Zenica Napredak"]
[WhiteTeamCountry "BIH"]
[BlackTeamCountry "BIH"]

1. Nf3 Nf6 2. g3 d5 3. Bg2 e6 4. 0-0 Be7 5. d4 0-0 6. c4 dxc4 7. Qa4 a6 8. Qxc4 b5 9. Qc2 Bb7 10. Bf4 Nc6 11. Rd1 Nb4 12. Qc1 Rc8 13. Ne5 Bxg2 14. Kxg2 Qd5+ 15. f3 c5 16. Nc3 Qb7 17. dxc5 Rxc5 18. e4 g5 19. Bxg5 Rxe5 20. Qf4 Nh5 21. Qxe5 Nc6 22. Bxe7 Nxe5 23. Bxf8 Kxf8 24. Rd4 b4 25. Ne2 Qb5 26. Kf2 Nd3+ 27. Ke3 Nxb2 28. Rc1 e5 29. Rd5 Qb6+ 30. Kd2 Nf6 31. Rc8+ Kg7 32. Rdd8 Qf2 33. g4 Qxf3 34. Ng3 Qd1+ 0-1

[Event "Ustron op-A"]
[Site "Ustron"]
[Date "2023.08.14"]
[Round "5"]
[White "Radovanovic, Nikola"]
[Black "Domalchuk Jonasson, Aleksandr"]
[Result "1-0"]
[WhiteElo "2427"]
[BlackElo "2412"]
[PlyCount "71"]
[EventDate "2023.08.11"]
[EventType "swiss"]
[EventRounds "9"]
[EventCountry "POL"]
[SourceTitle "CBM 215 Extra"]
[Source "ChessBase"]
[SourceDate "2023.09.30"]
[SourceVersion "1"]
[SourceVersionDate "2023.09.30"]
[SourceQuality "1"]

1. d4 d5 2. c4 e6 3. Nc3 Nf6 4. Nf3 Be7 5. Bf4 0-0 6. e3 b6 7. Bd3 Bb7 8. cxd5 Nxd5 9. Nxd5 Qxd5 10. Bxc7 Bb4+ 11. Kf1 Nc6 12. Bg3 Rfd8 13. a3 Be7 14. b4 Rac8 15. Qb1 h6 16. Kg1 Bd6 17. Bh7+ Kh8 18. Be4 Qb5 19. Bxd6 Rxd6 20. Ne5 Rc7 21. Bd3 Qd5 22. Bc4 Qxg2+ 23. Kxg2 Nxe5+ 24. Bd5 Rxd5 25. dxe5 Rd1+ 26. f3 Rxb1 27. Rhxb1 Rc2+ 28. Kg3 Rc3 29. Re1 Kh7 30. e4 Kg6 31. Rac1 Rxa3 32. b5 f5 33. exf6 gxf6 34. Rc7 Ba8 35. Rc8 Bb7 36. Rb8 1-0

[Event "Belgrade Serbia op"]
[Site "Belgrade"]
[Date "2023.07.17"]
[Round "2"]
[White "Gagic, Milan A"]
[Black "Radovanovic, Nikola"]
[Result "1/2-1/2"]
[WhiteElo "2254"]
[BlackElo "2439"]
[PlyCount "86"]
[EventDate "2023.07.16"]
[EventType "swiss"]
[EventRounds "9"]
[EventCountry "SRB"]
[SourceTitle "CBM 215 Extra"]
[Source "ChessBase"]
[SourceDate "2023.09.30"]
[SourceVersion "1"]
[SourceVersionDate "2023.09.30"]
[SourceQuality "1"]

1. e4 c5 2. Nf3 Nc6 3. Bb5 e6 4. 0-0 Nge7 5. Re1 a6 6. Bxc6 Nxc6 7. b3 b5 8. Bb2 Bb7 9. d3 Rc8 10. a4 d6 11. h3 Qb6 12. Nbd2 e5 13. Nh2 g6 14. axb5 axb5 15. Nhf1 Bg7 16. Ne3 Nd4 17. Nd5 Bxd5 18. exd5 0-0 19. c4 Bh6 20. Bxd4 cxd4 21. Nf1 Ra8 22. Qc2 Rfb8 23. Ng3 f5 24. Rxa8 Rxa8 25. b4 Rc8 26. c5 dxc5 27. Rxe5 Qd6 28. Qe2 c4 29. Re8+ Rxe8 30. Qxe8+ Bf8 31. Qxb5 c3 32. Ne2 c2 33. Qc6 Qxb4 34. Qxc2 Qe1+ 35. Kh2 Qxf2 36. Qd1 Bd6+ 37. Kh1 g5 38. Qc2 Qf1+ 39. Ng1 Qf4 40. Qc8+ Kg7 41. Qd7+ Kg8 42. Qd8+ Kg7 43. Qd7+ Kf8 1/2-1/2

[Event "MNT-chT"]
[Site "Herceg Novi"]
[Date "2023.05.05"]
[Round "6.4"]
[White "Markus, Robert"]
[Black "Radovanovic, Nikola"]
[Result "1-0"]
[WhiteElo "2598"]
[BlackElo "2408"]
[PlyCount "95"]
[EventDate "2023.05.01"]
[EventType "team-tourn"]
[EventRounds "9"]
[EventCountry "MNE"]
[SourceTitle "CBM 214 Extra"]
[Source "ChessBase"]
[SourceDate "2023.07.31"]
[SourceVersion "1"]
[SourceVersionDate "2023.07.31"]
[SourceQuality "1"]
[WhiteTeam "Buducnost"]
[BlackTeam "Dama"]
[WhiteTeamCountry "MNE"]
[BlackTeamCountry "MNE"]

1. c4 Nf6 2. Nc3 g6 3. g3 Bg7 4. Bg2 0-0 5. e4 d6 6. Nge2 c5 7. 0-0 Nc6 8. d3 Rb8 9. Rb1 a6 10. a3 b5 11. cxb5 axb5 12. b4 cxb4 13. axb4 e5 14. Kh1 Be6 15. f4 Ne7 16. Be3 Qd7 17. d4 Bc4 18. Re1 Rfd8 19. Qd2 Rbc8 20. Red1 exf4 21. Nxf4 d5 22. e5 Ng4 23. Bg1 h5 24. Qe1 Rc6 25. Nd3 Nf5 26. Nc5 Qe7 27. h3 Qg5 28. hxg4 hxg4 29. Bf2 Qh5+ 30. Kg1 g5 31. e6 fxe6 32. Rbc1 e5 33. Nxd5 Rh6 34. Rxc4 Qh2+ 35. Kf1 bxc4 36. dxe5 Rf8 37. Ne4 Bxe5 38. Nef6+ Bxf6 39. Qe6+ Kg7 40. Qxf5 Bb2 41. Qc2 Be5 42. Ne3 Bxg3 43. Rd7+ Kh8 44. Nxg4 Rxf2+ 45. Nxf2 Rf6 46. Qc3 Be5 47. Qxc4 Rf8 48. Rf7 1-0

[Event "MNT-chT"]
[Site "Herceg Novi"]
[Date "2023.05.01"]
[Round "1.5"]
[White "Radovanovic, Nikola"]
[Black "Saric, Ivan"]
[Result "1-0"]
[WhiteElo "2408"]
[BlackElo "2664"]
[PlyCount "97"]
[EventDate "2023.05.01"]
[EventType "team-tourn"]
[EventRounds "9"]
[EventCountry "MNE"]
[SourceTitle "CBM 214 Extra"]
[Source "ChessBase"]
[SourceDate "2023.07.31"]
[SourceVersion "1"]
[SourceVersionDate "2023.07.31"]
[SourceQuality "1"]
[WhiteTeam "Dama"]
[BlackTeam "Herceg Novi"]
[WhiteTeamCountry "MNE"]
[BlackTeamCountry "MNE"]

1. e4 c5 2. Nf3 d6 3. d4 cxd4 4. Nxd4 Nf6 5. Nc3 a6 6. f4 e5 7. Nb3 Be7 8. fxe5 dxe5 9. Qxd8+ Bxd8 10. Be3 Nbd7 11. Be2 b5 12. a4 b4 13. Nd5 Bb7 14. 0-0-0 Bxd5 15. exd5 Bb6 16. Bxb6 Nxb6 17. Nc5 0-0 18. d6 Rfc8 19. d7 Rd8 20. Rd6 Nbxd7 21. Rhd1 Ra7 22. Bxa6 Rc7 23. Nxd7 Rdxd7 24. Rxd7 Nxd7 25. Bb5 Nf8 26. Rd8 f5 27. a5 Kf7 28. a6 e4 29. Rb8 Ne6 30. Rb7 Kf6 31. Bd7 e3 32. Rxc7 Nxc7 33. a7 Ke5 34. Bc6 Kd4 35. Kd1 g5 36. Ke2 f4 37. g3 h6 38. gxf4 gxf4 39. a8Q Nxa8 40. Bxa8 Kc4 41. Bb7 Kd4 42. Ba6 Ke4 43. Bd3+ Kd4 44. Bg6 Kc4 45. Kf3 Kd4 46. h4 Kd5 47. Bd3 Ke5 48. c3 bxc3 49. bxc3 1-0

[Event "Catalunya-chT Gp2 Final"]
[Site "Barcelona"]
[Date "2023.04.15"]
[Round "4.3"]
[White "Alonso Garcia, Rene Marcial"]
[Black "Radovanovic, Nikola"]
[Result "0-1"]
[WhiteElo "2304"]
[BlackElo "2408"]
[PlyCount "78"]
[EventDate "2023.03.11"]
[EventType "team-k.o."]
[EventRounds "4"]
[EventCountry "ESP"]
[SourceTitle "EXT 2024"]
[Source "ChessBase"]
[SourceDate "2023.10.10"]
[SourceVersion "1"]
[SourceVersionDate "2023.10.10"]
[SourceQuality "1"]
[WhiteTeam "Cerdanyola Valles"]
[BlackTeam "Lira Vendrellenca"]
[WhiteTeamCountry "ESP"]
[BlackTeamCountry "ESP"]

1. d4 Nf6 2. c4 g6 3. Nc3 Bg7 4. e4 d6 5. Nf3 0-0 6. Be2 e5 7. 0-0 Nc6 8. d5 Ne7 9. Ne1 Nd7 10. Nd3 f5 11. f3 f4 12. b4 g5 13. c5 Nf6 14. a4 h5 15. Nf2 Ng6 16. a5 Rf7 17. Kh1 Bf8 18. c6 Rh7 19. cxb7 Bxb7 20. Bd2 Bc8 21. Kg1 Rg7 22. h3 Nh8 23. Qc2 a6 24. Ra3 Nf7 25. Rc1 g4 26. hxg4 hxg4 27. fxg4 Nh6 28. g5 Rxg5 29. Ncd1 Rg7 30. Rc3 Ra7 31. Kf1 Nfg4 32. Nxg4 Nxg4 33. Bxg4 Bxg4 34. Be1 Qg5 35. Qf2 Rh7 36. Qxa7 Rh1+ 37. Qg1 Qh5 38. Qxh1 Qxh1+ 39. Kf2 Be7 0-1

[Event "Los Angeles IM Norm"]
[Site "Monrovia"]
[Date "2023.04.05"]
[Round "10"]
[White "Radovanovic, Nikola"]
[Black "Zaloznyy, Mike"]
[Result "1-0"]
[WhiteElo "2408"]
[BlackElo "2168"]
[PlyCount "93"]
[EventDate "2023.04.01"]
[EventType "schev"]
[EventRounds "10"]
[EventCountry "USA"]
[SourceTitle "CBM 213 Extra"]
[Source "ChessBase"]
[SourceDate "2023.05.31"]
[SourceVersion "1"]
[SourceVersionDate "2023.05.31"]
[SourceQuality "1"]
[WhiteTeam "Rest of the World"]
[BlackTeam "United States"]
[BlackTeamCountry "USA"]

1. e4 c6 2. d4 d5 3. e5 c5 4. c4 cxd4 5. Nf3 Nc6 6. Nxd4 e6 7. Nc3 Bb4 8. Nxc6 bxc6 9. Qa4 a5 10. cxd5 Qxd5 11. Qxb4 axb4 12. Nxd5 exd5 13. Be3 f6 14. Rc1 fxe5 15. Rxc6 Nf6 16. Bd3 0-0 17. Bb1 d4 18. Bg5 h6 19. Bh4 Bb7 20. Rb6 Be4 21. Bxe4 Nxe4 22. Rxb4 Rxa2 23. 0-0 Rc8 24. Bg3 d3 25. Bxe5 d2 26. Bf4 Rc1 27. Bxd2 Rxf1+ 28. Kxf1 Nxd2+ 29. Ke2 Nb1 30. Kd3 Kf7 31. Kc2 Ra1 32. Rb3 Kf6 33. Rf3+ Ke6 34. h4 g5 35. hxg5 hxg5 36. g4 Ke5 37. Rd3 Kf4 38. f3 Kg3 39. b3 Kf2 40. Kb2 Ra6 41. Kxb1 Ke2 42. Rc3 Rb6 43. Kb2 Rb5 44. Ka3 Rb8 45. b4 Kd2 46. Rc5 Ke3 47. Rf5 1-0

[Event "Los Angeles IM Norm"]
[Site "Monrovia"]
[Date "2023.04.04"]
[Round "8"]
[White "Radovanovic, Nikola"]
[Black "Wen, Tommy"]
[Result "1/2-1/2"]
[WhiteElo "2408"]
[BlackElo "2437"]
[PlyCount "38"]
[EventDate "2023.04.01"]
[EventType "schev"]
[EventRounds "10"]
[EventCountry "USA"]
[SourceTitle "CBM 213 Extra"]
[Source "ChessBase"]
[SourceDate "2023.05.31"]
[SourceVersion "1"]
[SourceVersionDate "2023.05.31"]
[SourceQuality "1"]
[WhiteTeam "Rest of the World"]
[BlackTeam "United States"]
[BlackTeamCountry "USA"]

1. d4 d5 2. c4 c6 3. cxd5 cxd5 4. Nc3 Nf6 5. Bf4 Nc6 6. e3 a6 7. Nf3 Bf5 8. Bd3 Bxd3 9. Qxd3 e6 10. 0-0 Bd6 11. Bxd6 Qxd6 12. Rfc1 0-0 13. Na4 Ne4 14. Nc5 Nxc5 15. Rxc5 g6 16. Rac1 Rfc8 17. g3 Ne7 18. Rxc8+ Rxc8 19. Rxc8+ Nxc8 1/2-1/2

[Event "Los Angeles IM Norm"]
[Site "Monrovia"]
[Date "2023.04.04"]
[Round "7"]
[White "Wen, Tommy"]
[Black "Radovanovic, Nikola"]
[Result "0-1"]
[WhiteElo "2437"]
[BlackElo "2408"]
[PlyCount "76"]
[EventDate "2023.04.01"]
[EventType "schev"]
[EventRounds "10"]
[EventCountry "USA"]
[SourceTitle "CBM 213 Extra"]
[Source "ChessBase"]
[SourceDate "2023.05.31"]
[SourceVersion "1"]
[SourceVersionDate "2023.05.31"]
[SourceQuality "1"]
[WhiteTeam "United States"]
[BlackTeam "Rest of the World"]
[WhiteTeamCountry "USA"]

1. e4 e5 2. Nf3 Nc6 3. Bb5 a6 4. Ba4 Nf6 5. 0-0 b5 6. Bb3 Bc5 7. c3 d6 8. d4 Bb6 9. h3 0-0 10. Be3 h6 11. Nbd2 Re8 12. a4 Rb8 13. axb5 axb5 14. Re1 exd4 15. cxd4 Nb4 16. Bxf7+ Kxf7 17. Qb3+ Nbd5 18. exd5 Qd7 19. Nb1 g5 20. Nc3 g4 21. hxg4 Qxg4 22. Nh2 Qg6 23. Ne2 Bb7 24. Nf4 Qf5 25. Qxb5 Re4 26. Ne2 Rg8 27. Ng3 Qg6 28. Nf3 Bxd5 29. Kf1 Rg4 30. Re2 h5 31. Nh2 h4 32. Nxg4 Qxg4 33. Rc1 hxg3 34. fxg3 Qxg3 35. Rf2 Ke6 36. Rxf6+ Kxf6 37. Qxd5 Qxe3 38. Rc3 Rg5 0-1

[Event "Los Angeles IM Norm"]
[Site "Monrovia"]
[Date "2023.04.02"]
[Round "4"]
[White "Radovanovic, Nikola"]
[Black "Wu, Derek"]
[Result "1-0"]
[WhiteElo "2408"]
[BlackElo "2209"]
[PlyCount "61"]
[EventDate "2023.04.01"]
[EventType "schev"]
[EventRounds "10"]
[EventCountry "USA"]
[SourceTitle "CBM 213 Extra"]
[Source "ChessBase"]
[SourceDate "2023.05.31"]
[SourceVersion "1"]
[SourceVersionDate "2023.05.31"]
[SourceQuality "1"]
[WhiteTeam "Rest of the World"]
[BlackTeam "United States"]
[BlackTeamCountry "USA"]

1. e4 c5 2. Nf3 d6 3. d4 cxd4 4. Nxd4 Nf6 5. Nc3 a6 6. f4 e5 7. Nb3 Be7 8. fxe5 dxe5 9. Qxd8+ Bxd8 10. Be3 0-0 11. Be2 Nbd7 12. a4 b6 13. 0-0-0 Bb7 14. Rhf1 Be7 15. g4 Nc5 16. Nxc5 Bxc5 17. Bxc5 bxc5 18. Bc4 h6 19. h4 Nxg4 20. Rd7 Bc6 21. Rdxf7 Rxf7 22. Rxf7 Ne3 23. Ba2 Bd5 24. Nxd5 Kxf7 25. Nb6+ Kg6 26. Nxa8 Kh5 27. Nc7 Kxh4 28. Nxa6 g5 29. Nxc5 g4 30. Nd3 g3 31. Ne1 1-0

[Event "Los Angeles IM Norm"]
[Site "Monrovia"]
[Date "2023.04.01"]
[Round "1"]
[White "Krishnan, Varun"]
[Black "Radovanovic, Nikola"]
[Result "0-1"]
[WhiteElo "2341"]
[BlackElo "2408"]
[PlyCount "110"]
[EventDate "2023.04.01"]
[EventType "schev"]
[EventRounds "10"]
[EventCountry "USA"]
[SourceTitle "CBM 213 Extra"]
[Source "ChessBase"]
[SourceDate "2023.05.31"]
[SourceVersion "1"]
[SourceVersionDate "2023.05.31"]
[SourceQuality "1"]
[WhiteTeam "United States"]
[BlackTeam "Rest of the World"]
[WhiteTeamCountry "USA"]

1. e4 c5 2. Nf3 Nc6 3. Nc3 e6 4. d4 cxd4 5. Nxd4 d6 6. g4 h6 7. Be3 Nf6 8. Rg1 a6 9. Qe2 g5 10. 0-0-0 Ne5 11. h4 Rg8 12. Bh3 Nfd7 13. h5 b5 14. b3 Bb7 15. f4 gxf4 16. Bxf4 Rc8 17. Qe3 Qa5 18. Kb2 Nb6 19. Bf1 Nxg4 20. Qe1 e5 21. Nd5 Qxe1 22. Rxe1 Nxd5 23. exd5 Nf6 24. Rxg8 Nxg8 25. Bh3 Rc7 26. Bd2 Bxd5 27. Ba5 Ra7 28. Nf5 Be6 29. Rf1 Rd7 30. Bg2 d5 31. c4 bxc4 32. bxc4 Ne7 33. Nxe7 Bxe7 34. cxd5 Bxd5 35. Bh3 Rb7+ 36. Ka1 Bb4 37. Bxb4 Rxb4 38. Rf5 Re4 39. Bf1 a5 40. Kb2 Ke7 41. Rf2 Rh4 42. Be2 Ke6 43. Kc3 f5 44. Bd1 Rh3+ 45. Kb2 e4 46. Rg2 e3 47. Rg6+ Ke5 48. Rxh6 e2 49. Bxe2 Rh2 50. Rh8 Rxe2+ 51. Kc3 Rxa2 52. h6 Rh2 53. Kd3 a4 54. h7 Bc6 55. Kc3 a3 0-1

[Event "Bundesliga 2223"]
[Site "Germany"]
[Date "2023.03.19"]
[Round "11.6"]
[White "Radovanovic, Nikola"]
[Black "Thiede, Lars"]
[Result "1-0"]
[WhiteElo "2426"]
[BlackElo "2399"]
[PlyCount "57"]
[EventDate "2022.10.21"]
[EventType "team-tourn"]
[EventRounds "15"]
[EventCountry "GER"]
[SourceTitle "CBM 213 Extra"]
[Source "ChessBase"]
[SourceDate "2023.05.31"]
[SourceVersion "1"]
[SourceVersionDate "2023.05.31"]
[SourceQuality "1"]
[WhiteTeam "Muenchen 36"]
[BlackTeam "Berlin SF"]
[WhiteTeamCountry "GER"]
[BlackTeamCountry "GER"]

1. e4 d6 2. d4 Nf6 3. Nc3 e5 4. dxe5 dxe5 5. Qxd8+ Kxd8 6. Bc4 Ke8 7. f4 Bb4 8. Bd3 Nbd7 9. Nf3 Nc5 10. 0-0 exf4 11. Nb5 Ne6 12. Ng5 Ba5 13. Nxe6 Bxe6 14. Bxf4 Bb6+ 15. Kh1 Rc8 16. a4 Ng4 17. Bg3 a5 18. b4 h5 19. h3 f6 20. bxa5 h4 21. Be1 Bc5 22. hxg4 Bxg4 23. Bf2 Bb4 24. a6 bxa6 25. Na7 Ra8 26. Nc6 Bd6 27. e5 fxe5 28. Nxe5 Be6 29. Rae1 1-0

[Event "Bundesliga 2223"]
[Site "Germany"]
[Date "2023.03.18"]
[Round "10.6"]
[White "Boensch, Uwe"]
[Black "Radovanovic, Nikola"]
[Result "1/2-1/2"]
[WhiteElo "2466"]
[BlackElo "2426"]
[PlyCount "46"]
[EventDate "2022.10.21"]
[EventType "team-tourn"]
[EventRounds "15"]
[EventCountry "GER"]
[SourceTitle "CBM 213 Extra"]
[Source "ChessBase"]
[SourceDate "2023.05.31"]
[SourceVersion "1"]
[SourceVersionDate "2023.05.31"]
[SourceQuality "1"]
[WhiteTeam "Dresden TU"]
[BlackTeam "Muenchen 36"]
[WhiteTeamCountry "GER"]
[BlackTeamCountry "GER"]

1. d4 Nf6 2. c4 g6 3. Nc3 Bg7 4. e4 d6 5. Be2 0-0 6. Bg5 c5 7. d5 h6 8. Bd2 e6 9. Nf3 exd5 10. exd5 Re8 11. 0-0 Ne4 12. Nxe4 Rxe4 13. Bd3 Re8 14. h3 Na6 15. a3 Bd7 16. Qc1 Kh7 17. Bc3 f5 18. Rb1 b6 19. h4 Qe7 20. g3 Bxc3 21. Qxc3 Qg7 22. Qd2 Qf6 23. Rfe1 Kg7 1/2-1/2

[Event "Catalunya-chT Gp1"]
[Site "Barcelona"]
[Date "2023.02.25"]
[Round "6.4"]
[White "Radovanovic, Nikola"]
[Black "Almeida Toledano, Daniel"]
[Result "1-0"]
[WhiteElo "2407"]
[BlackElo "2298"]
[PlyCount "55"]
[EventDate "2023.01.21"]
[EventType "team-tourn"]
[EventRounds "7"]
[EventCountry "ESP"]
[SourceTitle "CBM 213 Extra"]
[Source "ChessBase"]
[SourceDate "2023.05.31"]
[SourceVersion "1"]
[SourceVersionDate "2023.05.31"]
[SourceQuality "1"]
[WhiteTeam "Lira Vendrellenca"]
[BlackTeam "Foment Martinenc"]
[WhiteTeamCountry "ESP"]
[BlackTeamCountry "ESP"]

1. e4 e6 2. d3 d5 3. Nd2 Nf6 4. e5 Nfd7 5. f4 Be7 6. g3 c5 7. Bg2 Nc6 8. Nh3 0-0 9. Nf3 f6 10. exf6 Bxf6 11. 0-0 Nb6 12. Re1 Qd6 13. Qe2 Nd4 14. Nxd4 cxd4 15. a4 Bd7 16. b3 Rfe8 17. Ba3 Qc6 18. Nf2 e5 19. a5 exf4 20. Qd2 fxg3 21. hxg3 Nc8 22. Rxe8+ Bxe8 23. Ng4 Bf7 24. Nxf6+ gxf6 25. Qb4 Kg7 26. Rf1 Qc7 27. Qf8+ Kg6 28. Bc1 1-0

[Event "Paracin Prestige op"]
[Site "Paracin"]
[Date "2023.01.20"]
[Round "6"]
[White "Brankovic, Dejan"]
[Black "Radovanovic, Nikola"]
[Result "0-1"]
[WhiteElo "2290"]
[BlackElo "2407"]
[PlyCount "76"]
[EventDate "2023.01.17"]
[EventType "swiss"]
[EventRounds "9"]
[EventCountry "SRB"]
[SourceTitle "CBM 212 Extra"]
[Source "ChessBase"]
[SourceDate "2023.03.31"]
[SourceVersion "1"]
[SourceVersionDate "2023.03.31"]
[SourceQuality "1"]

1. e4 c5 2. Nf3 d6 3. c3 Nf6 4. d3 g6 5. g3 Bg7 6. Bg2 Nc6 7. Nbd2 0-0 8. 0-0 e5 9. a3 b5 10. Re1 a5 11. d4 a4 12. dxc5 dxc5 13. c4 Ba6 14. cxb5 Bxb5 15. Bf1 Bxf1 16. Kxf1 Nd7 17. Nc4 Nd4 18. Be3 Qe7 19. Kg2 Rfb8 20. Nfd2 Qe6 21. Rc1 Bf8 22. Kg1 Nb6 23. Nxb6 Rxb6 24. Nc4 Rb3 25. Kg2 h5 26. h4 Be7 27. f3 Rd8 28. Bxd4 cxd4 29. Re2 Rc8 30. Na5 Rxc1 31. Qxc1 Qa6 32. Nc4 Bxa3 33. Rc2 d3 34. Rc3 Bb4 35. Rxb3 axb3 36. Nxe5 d2 37. Qd1 Bd6 38. Nxf7 Qd3 0-1

[Event "Paracin Prestige op"]
[Site "Paracin"]
[Date "2023.01.17"]
[Round "1"]
[White "Radovanovic, Nikola"]
[Black "Petreski, Leonid"]
[Result "1-0"]
[WhiteElo "2407"]
[BlackElo "2103"]
[PlyCount "71"]
[EventDate "2023.01.17"]
[EventType "swiss"]
[EventRounds "9"]
[EventCountry "SRB"]
[SourceTitle "CBM 212 Extra"]
[Source "ChessBase"]
[SourceDate "2023.03.31"]
[SourceVersion "1"]
[SourceVersionDate "2023.03.31"]
[SourceQuality "1"]

1. e4 c5 2. Nf3 Nc6 3. d4 cxd4 4. Nxd4 Nf6 5. Nc3 e5 6. Ndb5 d6 7. Nd5 Nxd5 8. exd5 Nb8 9. a4 Be7 10. Be2 0-0 11. Bd2 f5 12. a5 Nd7 13. 0-0 g5 14. Bb4 Rf6 15. Qd2 Rh6 16. Qc3 Nf6 17. Rad1 Bd7 18. Qb3 Nh5 19. g3 Bxb5 20. Bxb5 f4 21. Rfe1 Nf6 22. Bf1 Kh8 23. c4 Rc8 24. c5 Rc7 25. a6 b6 26. cxb6 axb6 27. Rc1 Ra7 28. Qd3 e4 29. Rxe4 Nxe4 30. Qxe4 Qd7 31. Rc6 Kg8 32. Rxb6 Rc7 33. Rb8+ Bf8 34. Bc3 Rg6 35. Bb5 Qh3 36. Qd4 1-0